The Rockefeller file / (Record no. 288453)
[ view plain ]
| 000 -LEADER | |
|---|---|
| fixed length control field | 00808cam a2200265 i 4500 |
| 001 - CONTROL NUMBER | |
| control field | 3163300 |
| 003 - CONTROL NUMBER IDENTIFIER | |
| control field | PILC |
| 005 - DATE AND TIME OF LATEST TRANSACTION | |
| control field | 20150824124255.0 |
| 008 - FIXED-LENGTH DATA ELEMENTS--GENERAL INFORMATION | |
| fixed length control field | 760331s1976 caua 000 0ceng |
| 010 ## - LIBRARY OF CONGRESS CONTROL NUMBER | |
| LC control number | 75039136 |
| 020 ## - INTERNATIONAL STANDARD BOOK NUMBER | |
| International Standard Book Number | 0892450010 : |
| Terms of availability | $1.95 |
| 040 ## - CATALOGING SOURCE | |
| Original cataloging agency | DLC |
| Transcribing agency | DLC |
| Modifying agency | DLC |
| 043 ## - GEOGRAPHIC AREA CODE | |
| Geographic area code | n-us--- |
| 050 00 - LIBRARY OF CONGRESS CALL NUMBER | |
| Classification number | E 748.R673 |
| Item number | .Al44 1976 |
| 082 00 - DEWEY DECIMAL CLASSIFICATION NUMBER | |
| Classification number | 332/.092/2 |
| 100 1# - MAIN ENTRY--PERSONAL NAME | |
| Personal name | Allen, Gary. |
| 245 14 - TITLE STATEMENT | |
| Title | The Rockefeller file / |
| Statement of responsibility, etc | Gary Allen. |
| 260 ## - PUBLICATION, DISTRIBUTION, ETC. (IMPRINT) | |
| Place of publication, distribution, etc | Seal Beach, Calif. : |
| Name of publisher, distributor, etc | '76 Press, |
| Date of publication, distribution, etc | 1976. |
| 300 ## - PHYSICAL DESCRIPTION | |
| Extent | 195 pages : |
| Other physical details | illustrations ; |
| Dimensions | 18 cm. |
| 600 10 - SUBJECT ADDED ENTRY--PERSONAL NAME | |
| Personal name | Rockefeller, Nelson A. |
| Fuller form of name | (Nelson Aldrich), |
| Dates associated with a name | 1908-1979. |
| 600 30 - SUBJECT ADDED ENTRY--PERSONAL NAME | |
| Personal name | Rockefeller family. |
| 651 #0 - SUBJECT ADDED ENTRY--GEOGRAPHIC NAME | |
| Geographic name | United States |
| General subdivision | Politics and government |
| Chronological subdivision | 20th century. |
| 906 ## - LOCAL DATA ELEMENT F, LDF (RLIN) | |
| a | 7 |
| b | cbc |
| c | orignew |
| d | 2 |
| e | ocip |
| f | 19 |
| g | y-gencatlg |
| 942 ## - ADDED ENTRY ELEMENTS (KOHA) | |
| Source of classification or shelving scheme | Library of Congress Classification |
| Koha item type | Books |
| Withdrawn status | Lost status | Source of classification or shelving scheme | Damaged status | Home library | Current library | Shelving location | Date acquired | Source of acquisition | Sub Shelving location | Total Checkouts | Full call number | Barcode | Checked out | Date last seen | Date checked out | Price effective from | Koha item type |
|---|---|---|---|---|---|---|---|---|---|---|---|---|---|---|---|---|---|
| Library of Congress Classification | College Library | College Library | Fiction Section | 08/24/2015 | Donation | 1 | E 748.R673 .Al44 1976 | C19747 | 04/29/2026 | 04/22/2026 | 04/22/2026 | 08/24/2015 | Books |